000 00526nam a2200217Ia 4500
003 OSt
005 20220928135859.0
006 a|||||r|||| 00| 0
007 ta
008 220927b |||||||| |||| 00| 0 eng d
024 _a5312
037 _cTextual
040 _aSDCL
_cSDCL
_beng
041 _2eng
_aeng
082 _aO-,2J64:g, K4
100 _aAlexander Peter
_9493061
245 0 _aShakespeare.
260 _c1964
942 _hO-,2J64:g, K4
_cTEXL
_2CC
999 _c808789
_d808789